书目信息 |
| 题名: |
中国当代文学论集
|
|
| 作者: | ;沈阳师范大学中国现当代文学学科组 编 | |
| 分册: | ||
| 出版信息: | 北京 中国社会科学出版社 2004 |
|
| 页数: | 275页 | |
| 开本: | 21cm | |
| 丛书名: | 沈阳师范大学中国现当代文学文库 | |
| 单 册: | ||
| 中图分类: | I206.7-53 | |
| 科图分类: | ||
| 主题词: | 当代文学--文学评论--中国--文集 , 文学评论 | |
| 电子资源: | ||
| ISBN: | 7-5004-4827-9 | |
| 000 | 01128oam2 2200277 45 | |
| 001 | 0900000034343 | |
| 005 | 20060104163627.00 | |
| 010 | @a7-5004-4827-9@dCNY25.00 | |
| 092 | @aCN | |
| 100 | @a20050531d2004 ekmy0chiy0120 ea | |
| 101 | 0 | @achi |
| 102 | @aCN@b110000 | |
| 105 | @ay z 000yy | |
| 200 | 1 | @a中国当代文学论集@9zhong guo dang dai wen xue lun ji@f沈阳师范大学中国现当代文学学科组编@Fshen yang shi fan da xue zhong guo xian dang dai wen xue xue ke zu bian |
| 210 | @a北京@c中国社会科学出版社@d2004 | |
| 215 | @a275页@d21cm | |
| 225 | 2 | @a沈阳师范大学中国现当代文学文库 |
| 330 | @a本书包括“开展中国的文学批评哲学研究”、“叶剑英元帅诗词研究二题”、“‘文革’中的辽宁文学”、“网络媒体的文学批评问题”、“论建国初期国统区作家的创作转型”等文章。 | |
| 461 | 0 | @12001 @a沈阳师范大学中国现当代文学文库 |
| 606 | 0 | @a当代文学@x文学评论@y中国@j文集 |
| 606 | 0 | @a文学评论 |
| 690 | @aI206.7-53@v4 | |
| 711 | 02 | @a沈阳师范大学中国现当代文学学科组@9shen yang shi fan da xue zhong guo xian dang dai wen xue xue ke zu@4编 |
| 801 | 0 | @aCN@bCXYBOOK@c20060104 |
| 905 | @a10447@dI206.7-53@e182 | |
| 999 | @aAFJ@eJDD | |
| 中国当代文学论集/沈阳师范大学中国现当代文学学科组编.-北京:中国社会科学出版社,2004 |
| 275页;21cm.-(沈阳师范大学中国现当代文学文库) |
| ISBN 7-5004-4827-9:CNY25.00 |
| 本书包括“开展中国的文学批评哲学研究”、“叶剑英元帅诗词研究二题”、“‘文革’中的辽宁文学”、“网络媒体的文学批评问题”、“论建国初期国统区作家的创作转型”等文章。 |
| ● |
| 相关链接 |
|
|
|
|
正题名:中国当代文学论集
索取号:I206.7-53/182
 
预约/预借
| 序号 | 登录号 | 条形码 | 馆藏地/架位号 | 状态 | 备注 |
| 1 | 0373654 | 203736546 | 第一样本阅览室/ [索取号:I206.7-53/182] | 在馆 | |
| 2 | 0373655 | 203736555 | 第二借阅区/ [索取号:I206.7-53/182] | 在馆 | |
| 3 | 0373656 | 203736564 | 第二借阅区/ [索取号:I206.7-53/182] | 在馆 | |
| 4 | 0373657 | 203736573 | 第二借阅区/ [索取号:I206.7-53/182] | 在馆 | |
| 5 | 0373658 | 203736582 | 第二借阅区/ [索取号:I206.7-53/182] | 在馆 |